Loading...
| Philosophy | 0 | 8 | 0 | 0 | 80 | 52 | 72.00 | 6 | 8 | 0.00 | 0.00 |
| History - World | 0 | 6 | 1 | 2 | 55 | 35 | 84.67 | 4 | 6 | 0.00 | 0.00 |
| Religion | 0 | 4 | 0 | 0 | 40 | 52 | 74.50 | 2 | 4 | 0.00 | 0.00 |
| History - Other | 0 | 4 | 1 | 0 | 35 | 32 | 54.25 | 2 | 4 | 0.00 | 0.00 |
| Mythology | 0 | 3 | 0 | 1 | 30 | 78 | 116.00 | 1 | 3 | 0.00 | 0.00 |
| Literature - European | 0 | 3 | 0 | 0 | 30 | 39 | 56.00 | 2 | 3 | 0.00 | 0.00 |
| Fine Arts - Painting and Sculpture | 0 | 4 | 3 | 0 | 25 | 33 | 52.00 | 3 | 4 | 0.00 | 0.00 |
| Social Science | 0 | 2 | 0 | 0 | 20 | 65 | 68.50 | 1 | 2 | 0.00 | 0.00 |
| Science - Biology | 0 | 2 | 0 | 0 | 20 | 85 | 94.00 | 1 | 2 | 0.00 | 0.00 |
| History - European | 0 | 2 | 1 | 1 | 15 | 81 | 87.50 | 0 | 2 | 0.00 | 0.00 |
| Fine Arts - Other | 0 | 2 | 1 | 0 | 15 | 45 | 58.00 | 1 | 2 | 0.00 | 0.00 |
| Other Academic | 0 | 1 | 0 | 0 | 10 | 80 | 80.00 | 0 | 1 | 0.00 | 0.00 |
| Literature - American | 0 | 1 | 0 | 1 | 10 | 150 | 150.00 | 0 | 1 | 0.00 | 0.00 |
| History - American | 0 | 2 | 2 | 0 | 10 | 79 | 82.50 | 2 | 2 | 0.00 | 0.00 |
| Literature - British | 0 | 1 | 0 | 0 | 10 | 83 | 83.00 | 1 | 1 | 0.00 | 0.00 |
| Pop Culture | 0 | 1 | 0 | 0 | 10 | 16 | 16.00 | 1 | 1 | 0.00 | 0.00 |
| Fine Arts - Classical Music | 0 | 1 | 0 | 0 | 10 | 62 | 62.00 | 1 | 1 | 0.00 | 0.00 |
| Current Events | 0 | 1 | 0 | 0 | 10 | 84 | 84.00 | 1 | 1 | 0.00 | 0.00 |
| Science - Physics | 0 | 1 | 0 | 0 | 10 | 63 | 63.00 | 1 | 1 | 0.00 | 0.00 |
| Literature - World | 0 | 0 | 1 | 0 | -5 | 0.00 | 0 | 0 | 0.00 | 0.00 |